| 000 | 00626nam a22002057a 4500 | ||
|---|---|---|---|
| 003 | OSt | ||
| 005 | 20260313002933.0 | ||
| 008 | 260313b |||||||| |||| 00| 0 eng d | ||
| 020 | _a971-8966-92-1. | ||
| 040 |
_aDWCL Main lib _cOC |
||
| 082 |
_22007 ed. _aFil. 657.3 V173f 2007 |
||
| 100 | _aValix, Conrado T. | ||
| 245 |
_aFinancial accounting vol. 2 _cConrado T. Valix |
||
| 250 | _a2007 ed. | ||
| 260 |
_aManila : _bGIC Enterprises & Co., Inc., _cc2007. |
||
| 300 |
_a1158 p. ; _c22 cm. |
||
| 650 | _a1. Accounting-Examinations, questions, etc. | ||
| 700 | _aJose F. Peralta | ||
| 942 |
_2ddc _cBK - FIL _e2007 ed. _kFil. _n0 |
||
| 999 |
_c9062 _d9062 |
||